[Event "Havana Provincial-B"]
[Site "Havana"]
[Date "1999.??.??"]
[Round "?"]
[White "Vega Chirino, Lemay"]
[Black "Suri, Alberto"]
[Result "1-0"]
[WhiteElo "2275"]
[BlackElo "2305"]
[PlyCount "165"]
[EventDate "1999.??.??"]
[EventType "tourn"]
[EventRounds "14"]
[EventCountry "CUB"]
[SourceTitle "EXT 2000"]
[Source "ChessBase"]
[SourceDate "1999.11.16"]
[SourceVersion "1"]
[SourceVersionDate "1999.11.16"]
[SourceQuality "1"]

1. e4 c5 2. Nf3 Nc6 3. d4 cxd4 4. Nxd4 Nf6 5. Nc3 d6 6. Bg5 e6 7. Qd2 a6 8. 0-0-0 Bd7 9. f4 Be7 10. Nf3 b5 11. e5 b4 12. exf6 bxc3 13. Qxc3 gxf6 14. Bh4 d5 15. Kb1 Rc8 16. Nd4 Nb4 17. Qb3 Qa5 18. Be1 Ba4 19. Qa3 Nc6 20. Qxe7+ Kxe7 21. Bxa5 Nxa5 22. Bxa6 Ra8 23. Bd3 Nb7 24. b3 Bd7 25. c4 e5 26. Rhe1 e4 27. cxd5 f5 28. Bf1 Kd6 29. Nc2 Ke7 30. Ne3 Nd6 31. Kb2 Ra7 32. a3 Rb8 33. Rc1 Rab7 34. Rc3 Ra7 35. Rec1 Rba8 36. Ra1 Rb8 37. Rac1 Rba8 38. Ra1 Rb8 39. Nc2 Rbb7 40. Rd1 Ra5 41. Nb4 Ra8 42. Nc6+ Kf6 43. Ne5 Be8 44. Rc6 Ke7 45. Rc5 Rxb3+ 46. Kxb3 Ba4+ 47. Kb4 Bxd1 48. Rc7+ Ke8 49. Kc5 Rd8 50. Nc6 Rd7 51. Rxd7 Kxd7 52. Ne5+ Ke7 53. Nc4 Nxc4 54. Kxc4 Kd6 55. g3 Bc2 56. Kd4 Ba4 57. Bh3 Bd7 58. a4 e3 59. Kxe3 Bxa4 60. Bxf5 Kxd5 61. Bxh7 Ke6 62. g4 Kf6 63. Bf5 Kg7 64. Kd4 Bd1 65. h4 Bf3 66. g5 Bd1 67. Ke5 Be2 68. Be4 Bd1 69. f5 Be2 70. f6+ Kg8 71. Kf4 Bd1 72. Bf3 Bc2 73. h5 Bb3 74. Be4 Bd1 75. h6 Bb3 76. Ke5 Ba2 77. Kd6 Bb3 78. Ke7 Ba2 79. Bf5 Bb3 80. h7+ Kh8 81. g6 fxg6 82. Be6 Kxh7 83. f7 1-0

[Event "Guines Vazquez Memorial"]
[Site "Guines"]
[Date "1998.10.24"]
[Round "11"]
[White "Suri, Alberto"]
[Black "Gonzalez Vidal, Yuri"]
[Result "1/2-1/2"]
[WhiteElo "2310"]
[BlackElo "2385"]
[PlyCount "71"]
[EventDate "1998.10.13"]
[EventType "tourn"]
[EventRounds "13"]
[EventCountry "CUB"]
[EventCategory "2"]
[SourceTitle "CBM 067 Extra"]
[Source "ChessBase"]
[SourceDate "1999.01.01"]
[SourceVersion "1"]
[SourceVersionDate "1999.01.01"]
[SourceQuality "1"]

1. e4 c5 2. Nf3 d6 3. d4 cxd4 4. Nxd4 Nf6 5. Nc3 a6 6. Bg5 e6 7. f4 Nbd7 8. Qf3 Qc7 9. 0-0-0 Be7 10. g4 b5 11. Bxf6 Nxf6 12. g5 Nd7 13. f5 Bxg5+ 14. Kb1 Ne5 15. Qh5 Qd8 16. Nxe6 Bxe6 17. fxe6 0-0 18. exf7+ Kh8 19. Be2 Ra7 20. Rhg1 Bh6 21. Rgf1 Raxf7 22. Rxf7 Nxf7 23. Qd5 Qc7 24. Rf1 g6 25. a4 Bg7 26. axb5 Bxc3 27. bxc3 axb5 28. Bxb5 Kg7 29. Bc4 Rb8+ 30. Bb3 Ne5 31. Qe6 h5 32. h4 Qxc3 33. Qe7+ Kh6 34. Qg5+ Kg7 35. Qe7+ Kh6 36. Qg5+ 1/2-1/2

[Event "Guines Vazquez Memorial"]
[Site "Guines"]
[Date "1998.10.23"]
[Round "10"]
[White "Gomez Fontal, Felix Manuel"]
[Black "Suri, Alberto"]
[Result "0-1"]
[WhiteElo "2455"]
[BlackElo "2310"]
[PlyCount "126"]
[EventDate "1998.10.13"]
[EventType "tourn"]
[EventRounds "13"]
[EventCountry "CUB"]
[EventCategory "2"]
[SourceTitle "CBM 067 Extra"]
[Source "ChessBase"]
[SourceDate "1999.01.01"]
[SourceVersion "1"]
[SourceVersionDate "1999.01.01"]
[SourceQuality "1"]

1. d4 Nf6 2. Nf3 g6 3. Bg5 Bg7 4. Nbd2 0-0 5. e4 d6 6. Be2 Nbd7 7. 0-0 e5 8. dxe5 dxe5 9. c3 Qe7 10. Re1 h6 11. Bh4 b6 12. Bf1 Bb7 13. Qc2 a5 14. Nc4 Rfe8 15. Nfd2 Qf8 16. f3 Nh5 17. Ne3 Nf4 18. Bf2 Red8 19. Rad1 Nc5 20. Nb3 Nxb3 21. Qxb3 Kh8 22. Bh4 Rxd1 23. Rxd1 Ne6 24. Bc4 Bc8 25. Bd5 Rb8 26. a4 c6 27. Bc4 h5 28. Qc2 Bh6 29. Bf2 Bg5 30. Bf1 b5 31. axb5 cxb5 32. Rd5 Nc7 33. Rd1 Be6 34. Nd5 Bd8 35. Qd2 Na6 36. Bg3 f6 37. Kh1 Nc5 38. b4 axb4 39. cxb4 Na6 40. f4 Bxd5 41. exd5 h4 42. Bxh4 Qxb4 43. Qxb4 Nxb4 44. fxe5 fxe5 45. Bg3 Bf6 46. d6 Nc6 47. d7 Kg7 48. Rd6 Nd8 49. Bd3 Nf7 50. Rd5 b4 51. Rb5 Rd8 52. Rb7 b3 53. Bf2 b2 54. g3 Nd6 55. Rxb2 e4 56. Rb6 Rxd7 57. Bb1 e3 58. Be1 Nc4 59. Rxf6 Kxf6 60. Bc3+ Kg5 61. Kg2 Rd2+ 62. Kf3 Rf2+ 63. Ke4 Nd2+ 0-1

[Event "Guines Vazquez Memorial"]
[Site "Guines"]
[Date "1998.10.14"]
[Round "2"]
[White "Diaz Suarez, Hugo"]
[Black "Suri, Alberto"]
[Result "0-1"]
[WhiteElo "2180"]
[BlackElo "2310"]
[PlyCount "86"]
[EventDate "1998.10.13"]
[EventType "tourn"]
[EventRounds "13"]
[EventCountry "CUB"]
[EventCategory "2"]
[SourceTitle "CBM 067 Extra"]
[Source "ChessBase"]
[SourceDate "1999.01.01"]
[SourceVersion "1"]
[SourceVersionDate "1999.01.01"]
[SourceQuality "1"]

1. e4 c5 2. Nf3 d6 3. d4 cxd4 4. Nxd4 Nf6 5. f3 a6 6. c4 g6 7. Nc3 Bg7 8. Be2 Nc6 9. Be3 0-0 10. Qd2 Bd7 11. Rc1 Rb8 12. 0-0 b5 13. cxb5 Nxd4 14. Bxd4 axb5 15. Nd5 Nxd5 16. Bxg7 Kxg7 17. Qxd5 Qb6+ 18. Kh1 Be6 19. Qd3 Ra8 20. Qc3+ Kg8 21. a3 Rfb8 22. Rc2 b4 23. Qd3 Qa5 24. axb4 Rxb4 25. Rfc1 Qa2 26. b3 Qxb3 27. Qxb3 Rxb3 28. Kg1 Rab8 29. Bc4 Bxc4 30. Rxc4 Rb2 31. R1c2 f5 32. Kf2 fxe4 33. fxe4 Kf7 34. Rc8 Kf6 35. Rxb8 Rxc2+ 36. Kf3 Ke5 37. Rb5+ Rc5 38. Rb7 Rc3+ 39. Kf2 e6 40. Re7 Rc4 41. Kf3 Rxe4 42. Rxe6+ Kxe6 43. Kxe4 d5+ 0-1

[Event "Union de Reyes"]
[Site "Havana"]
[Date "1996.??.??"]
[Round "3"]
[White "Suri, Alberto"]
[Black "Lopez Hernandez, Carlos Manuel"]
[Result "1/2-1/2"]
[WhiteElo "2290"]
[BlackElo "2370"]
[PlyCount "78"]
[EventDate "1996.??.??"]
[EventType "tourn"]
[EventRounds "11"]
[EventCountry "CUB"]
[EventCategory "3"]
[SourceTitle "EXT 1998"]
[Source "ChessBase"]
[SourceDate "1997.11.17"]
[SourceVersion "1"]
[SourceVersionDate "1997.11.17"]
[SourceQuality "1"]

1. e4 c5 2. Nf3 Nc6 3. d4 cxd4 4. Nxd4 e5 5. Nb5 d6 6. N1c3 a6 7. Na3 b5 8. Nd5 Nf6 9. Bg5 Be7 10. Bxf6 Bxf6 11. c3 Bb7 12. Nc2 Nb8 13. Nce3 Nd7 14. a4 bxa4 15. Qxa4 0-0 16. Qa5 Bg5 17. Qxd8 Rfxd8 18. f3 Nf6 19. Nxf6+ Bxf6 20. Bc4 Bg5 21. Ke2 a5 22. Rhd1 g6 23. Nd5 Kg7 24. Ra3 Bc6 25. Kd3 Rdb8 26. b4 axb4 27. Rxa8 Bxa8 28. Nxb4 Bd8 29. Ra1 Bb6 30. Na6 Rc8 31. Rb1 Bf2 32. Bd5 h5 33. Bxa8 Rxa8 34. Nc7 Ra7 35. Nb5 Rb7 36. Kc4 Bc5 37. Ra1 Kf6 38. Ra5 Ke6 39. Kd3 Bg1 1/2-1/2